The God-hungry imagination : (Record no. 9378)
[ view plain ]
| 000 -LEADER | |
|---|---|
| fixed length control field | 00838cam a22002414a 4500 |
| 001 - CONTROL NUMBER | |
| control field | 14688542 |
| 005 - DATE AND TIME OF LATEST TRANSACTION | |
| control field | 20260421163735.0 |
| 008 - FIXED-LENGTH DATA ELEMENTS--GENERAL INFORMATION | |
| fixed length control field | 070108s2007 tnu b 000 0 eng |
| 020 ## - INTERNATIONAL STANDARD BOOK NUMBER | |
| International Standard Book Number | 9780835899192 |
| 020 ## - INTERNATIONAL STANDARD BOOK NUMBER | |
| International Standard Book Number | 0835899195 |
| 050 00 - LIBRARY OF CONGRESS CALL NUMBER | |
| Classification number | BV4447 |
| Item number | .A77 2007 |
| 082 00 - DEWEY DECIMAL CLASSIFICATION NUMBER | |
| Classification number | 259/.23 |
| Edition information | 22 |
| 100 1# - MAIN ENTRY--PERSONAL NAME | |
| Personal name | Arthur, Sarah. |
| 245 14 - TITLE STATEMENT | |
| Title | The God-hungry imagination : |
| Remainder of title | the art of storytelling for postmodern youth ministry / |
| Statement of responsibility, etc. | Sarah Arthur. |
| 260 ## - PUBLICATION, DISTRIBUTION, ETC. | |
| Place of publication, distribution, etc. | Nashville, TN : |
| Name of publisher, distributor, etc. | Upper Room Books, |
| Date of publication, distribution, etc. | c2007. |
| 300 ## - PHYSICAL DESCRIPTION | |
| Extent | 207 p. ; |
| Dimensions | 23 cm. |
| 650 #0 - SUBJECT ADDED ENTRY--TOPICAL TERM | |
| Topical term or geographic name entry element | Church work with youth. |
| 650 #0 - SUBJECT ADDED ENTRY--TOPICAL TERM | |
| Topical term or geographic name entry element | Storytelling |
| General subdivision | Religious aspects |
| -- | Christianity. |
| 650 #0 - SUBJECT ADDED ENTRY--TOPICAL TERM | |
| Topical term or geographic name entry element | Spiritual formation. |
| 650 #0 - SUBJECT ADDED ENTRY--TOPICAL TERM | |
| Topical term or geographic name entry element | Imagination |
| General subdivision | Religious aspects |
| -- | Christianity. |
| 856 41 - ELECTRONIC LOCATION AND ACCESS | |
| Materials specified | Table of contents only |
| Uniform Resource Identifier | <a href="http://www.loc.gov/catdir/toc/ecip078/2007000449.html">http://www.loc.gov/catdir/toc/ecip078/2007000449.html</a> |
| 942 ## - ADDED ENTRY ELEMENTS (KOHA) | |
| Source of classification or shelving scheme | Library of Congress Classification |
| Koha item type | Books |
| Suppress in OPAC | No |
| 999 ## - | |
| -- | 9378 |
| -- | 9378 |
| Withdrawn status | Lost status | Source of classification or shelving scheme | Damaged status | Not for loan | Collection | Home library | Current library | Shelving location | Date acquired | Total checkouts | Full call number | Barcode | Date last seen | Price effective from | Koha item type |
|---|---|---|---|---|---|---|---|---|---|---|---|---|---|---|---|
| Library of Congress Classification | Non-fiction | Main Library (Kumasi) | Main Library (Kumasi) | General stacks | 04/21/2026 | BV4447.A77 ART | bssk00000112 | 04/21/2026 | 04/21/2026 | Books |